000 00676nam a2200253Ia 4500
003 OSt
005 20221007111936.0
006 a|||||r|||| 00| 0
007 ta
008 221006b |||||||| |||| 00| 0 eng d
020 _a9788175348028
024 _a24,586
037 _cTextual
040 _aLCO
_cLCO
_beng
041 _2eng
_aeng
082 _aZ2, P9
100 _aIyer V.R. Krishna
245 0 _aIndian Law
_b Dynamic Dimensions of the Abstract
260 _aDelhi
_bUniversal Law Publishing Co. Pvt. Ltd. India
_c2009
300 _a501
650 _aINDIAN LAW
942 _hZ2, P9
_cTEXL
999 _c1194149
_d1194149